000 01089cam a2200325 a 4500
999 _c4785
_d4785
001 2097792
005 20170529115604.0
008 950728s1995 sa a b 000 0beng d
010 _a 95184399
020 _a0636019543
035 _a(OCoLC)34404354
035 _a(NOTISUF)AKP6325
040 _aFU
_cFU
_dDLC
042 _alccopycat
043 _af-sa---
050 0 0 _aDT1927.F57
_bP56 1995
100 1 _aPinnock, Don.
_931415
245 1 0 _aRuth First /
_cDon Pinnock.
260 _aCape Town :
_bMaskew Miller Longman,
_c1995.
300 _a68 p. :
_bill. ;
_c21 cm.
440 0 _aThey fought for freedom
_931416
504 _aIncludes bibliographical references (p. 68).
600 1 0 _aFirst, Ruth,
_d1925-1982.
_931417
650 0 _aJournalists
_zSouth Africa
_xBiography.
_931418
651 0 _aSouth Africa
_xRace relations.
_931419
906 _a7
_bcbc
_ccopycat
_d3
_encip
_f19
_gy-gencatlg
942 _2lcc
_cMONOGRAPH